000 00405nam a2200145Ia 4500
008 151213s9999 xx 000 0 und d
100 _aJudith O' Neil
245 _aCritics On Keats ; Reading In Literary Criticism
_cJudith O' Neil
260 _aNew Delhi
_bUniversell Book
_c1994
300 _a3555 p.
650 _aEnglish Literature
650 _aLiterature
700 _aJudith O' Neil
999 _c2358
_d2358